| 000 | 00874nam a2200289Ia 4500 | ||
|---|---|---|---|
| 003 | GCL | ||
| 008 | 140319s9999 xx 000 0 ara d | ||
| 020 | _a3076302977 | ||
| 040 |
_aGCL / _cGCL |
||
| 082 | 0 | 4 |
_a372.5 _bم ت |
| 100 | 1 | _aمحمود البسيونى | |
| 245 | 1 | 0 |
_aالتربية الفنية بين الغرب والشرق الاوسط / _cمحمود البسيونى |
| 260 |
_aالقاهرة : _bدار المعارف ، _c1984 |
||
| 300 |
_aمتعددة ؛ _c24 سم |
||
| 490 | _a | ||
| 650 | 0 | 4 | _aطرق التدريس |
| 650 | 0 | 4 | _aالشرق الاوسط |
| 650 | 0 | 4 | _aتعليم وتدريس |
| 650 | 0 | 4 | _aالفن |
| 650 | 0 | 4 | _aالنحت |
| 650 | 0 | 4 | _aالرسم |
| 650 | 0 | 4 | _aالرسم الزخرفى |
| 650 | 0 | 4 | _aالتربية الفنية |
| 650 | 0 | 4 | _aالغرب |
| 650 | 0 | 4 | _aالفن الاسلامى |
| 942 |
_2ddc _cBK |
||
| 999 |
_c28634 _d28634 |
||